000 00284nam a2200121 i 4500
001 bg
245 0 _aHandbook of materials and processes for electronics.
260 _aNew York,
_c1970.
040 _cBPK
041 _apol
942 _cKS
008 s pl f |000 0 pol
999 _c26163
_d26163
856 _uhttp://koha.tu.koszalin.pl/cgi-bin/koha/opac-detail.pl?biblionumber=26163
_yKatalog online BPK